| 000 | 00532nam a2200193Ia 4500 | ||
|---|---|---|---|
| 001 | 73026 | ||
| 008 | 160519s9999||||xx |||||||||||||| ||und|| | ||
| 020 | _a9780198727248 | ||
| 040 | _cPK-LaUMT | ||
| 082 |
_a 616.85225 _bOXF- |
||
| 100 | _aRachman, Stanley | ||
| 245 |
_aOxford guide to the treatment of mental contamination / _cRachman, Stanley|[et al, ] |
||
| 260 |
_aOxford,USA: _bOxford University Press, _c2015 |
||
| 300 | _a211 p. | ||
| 546 | _aEN | ||
| 650 | _aFear of contamination | ||
| 700 | _a[et al, ] | ||
| 942 | _cBK | ||
| 999 |
_c86058 _d86058 |
||